00418nam a2200157Ia 450000500170000000800460001702000180006303700100008104000180009104100130010908400080012210000110013024500220014126000570016385600400022020260120131817.0008 260114s9999 xx 000 0 eng d a9780197723258 aEBOOK aCRLbengcCRL aeng2eng qCRL aBrater 0aBeyond Minimalism bOxford University PressOxford University Pressc2023 uhttps://academic.oup.com/book/48625